| 000 | 00841nam0a22002771 4500 | ||
|---|---|---|---|
| 001 | rc\430248 | ||
| 005 | 20250621082804.0 | ||
| 010 |
_a5-289-00047-X _9100000 |
||
| 035 | _a(NLR Aleph) 005677002 | ||
| 090 |
_a7034463 _c7034463 |
||
| 100 | _a20030616d1988 |||y0rusy50 ca | ||
| 101 | 0 | _arus | |
| 102 | _aRU | ||
| 105 | _aa ||||||||| | ||
| 200 | 1 | _aИнформатика и вычислительная техника | |
| 210 |
_aЛ. _cЛениздат _d1988 |
||
| 215 |
_a266, [4] с. _cил. _d22 |
||
| 225 | 1 | _aДля молодых рабочих | |
| 320 | _aБиблиогр.: с. 268 | ||
| 320 | _aПредм. указ.: с. 263-267 | ||
| 700 | 1 |
_aКрайзмер _bЛ.П. _f1912- _gЛеонид Павлович |
|
| 801 | 0 |
_aRU _bNLR _gpsbo |
|
| 801 | 1 |
_aRU _bELAR _2rusmarc |
|
| 852 |
_aNLR _j89-3/191 |
||
| 942 | _cBOOK | ||
| 980 | _aNB | ||